Ersatztorwart Bundesliga - Extrem - Statistiken

Allgemein
  • Dieses Quiz wurde 47 mal gespielt
    3 seit der letzten Aktualisierung
  • Das Durchschnittsergebnis liegt bei 143 aus 270
Antwortstatistiken
Team Saison Stammtorwart % Korrekt
München 20/21 Alexander Nübel
100%
Schalke 17/18 Alexander Nübel
100%
Schalke 15/16 Alexander Nübel
100%
Freiburg 13/14 Alexander Schwolow
100%
Union Berlin 24/25 Alexander Schwolow
100%
Union Berlin 23/24 Alexander Schwolow
100%
Augsburg 19/20 Andreas Luthe
100%
Augsburg 18/19 I Andreas Luthe
100%
Augsburg 17/18 Andreas Luthe
100%
Augsburg 16/17 Andreas Luthe
100%
Bochum 23/24 Andreas Luthe
100%
Mainz 13/14 II Christian Wetklo
100%
Frankfurt 19/20 II Felix Wiedwald
100%
Frankfurt 14/15 I Felix Wiedwald
100%
Frankfurt 13/14 Felix Wiedwald
100%
Freiburg 24/25 Florian Müller
100%
Mainz 19/20 Florian Müller
100%
Mainz 17/18 Florian Müller
100%
Hoffenheim 18/19 Gregor Kobel
100%
München 11/12 Hans Jörg Butt
100%
Mainz 13/14 I Heinz Müller
100%
Mainz 12/13 I Heinz Müller
100%
Mainz 11/12 Heinz Müller
100%
Mainz 10/11 I Heinz Müller
100%
Bremen 16/17 Jaroslav Drobny
100%
Düsseldorf 18/19 Jaroslav Drobny
100%
Hamburg 15/16 I Jaroslav Drobny
100%
Hamburg 13/14 Jaroslav Drobny
100%
Hamburg 12/13 Jaroslav Drobny
100%
Hamburg 10/11 Jaroslav Drobny
100%
Bremen 23/24 Jiri Pavlenka
100%
Gladbach 24/25 I Jonas Omlin
100%
Gladbach 23/24 Jonas Omlin
100%
München 25/26 Jonas Urbig
100%
München 24/25 II Jonas Urbig
100%
Frankfurt 24/25 Kaua Santos
100%
Kaiserslautern 10/11 Kevin Trapp
100%
Bremen 14/15 I Koen Casteels
100%
Wolfsburg 15/16 Koen Casteels
100%
Schalke 12/13 Lars Unnerstall
100%
München 22/23 I Manuel Neuer
100%
München 17/18 I Manuel Neuer
100%
Wolfsburg 24/25 Marius Müller
100%
Freiburg 20/21 Mark Flekken
100%
Freiburg 19/20 I Mark Flekken
100%
Freiburg 18/19 Mark Flekken
100%
Dortmund 21/22 II Marwin Hitz
100%
Dortmund 20/21 Marwin Hitz
100%
Dortmund 19/20 Marwin Hitz
100%
Dortmund 18/19 Marwin Hitz
100%
Wolfsburg 11/12 Marwin Hitz
100%
Wolfsburg 10/11 I Marwin Hitz
100%
Schalke 20/21 II Michael Langer
100%
Leverkusen 12/13 Michael Rensing
100%
Bremen 22/23 Michel Zetterer
100%
Dortmund 14/15 Mitchell Langerak
100%
Dortmund 13/14 Mitchell Langerak
100%
Dortmund 12/13 Mitchell Langerak
100%
Dortmund 11/12 Mitchell Langerak
100%
Dortmund 10/11 Mitchell Langerak
100%
Stuttgart 15/16 II Mitchell Langerak
100%
München 14/15 Pepe Reina
100%
Frankfurt 10/11 Ralf Fährmann
100%
Schalke 22/23 Ralf Fährmann
100%
Schalke 18/19 Ralf Fährmann
100%
Schalke 11/12 I Ralf Fährmann
100%
Mainz 25/26 I Robin Zentner
100%
Mainz 18/19 Robin Zentner
100%
Dortmund 17/18 Roman Weidenfeller
100%
Dortmund 16/17 Roman Weidenfeller
100%
Dortmund 15/16 Roman Weidenfeller
100%
Augsburg 12/13 II Simon Jentzsch
100%
Köln 16/17 II Sven Müller
100%
München 24/25 I Sven Ulreich
100%
München 23/24 I Sven Ulreich
100%
München 22/23 II Sven Ulreich
100%
München 21/22 I Sven Ulreich
100%
München 19/20 Sven Ulreich
100%
München 18/19 Sven Ulreich
100%
München 16/17 I Sven Ulreich
100%
München 15/16 Sven Ulreich
100%
Hertha Berlin 19/20 I Thomas Kraft
100%
Hertha Berlin 18/19 Thomas Kraft
100%
Hertha Berlin 17/18 Thomas Kraft
100%
Hertha Berlin 15/16 Thomas Kraft
100%
München 10/11 Thomas Kraft
100%
Bochum 24/25 Timo Horn
100%
Köln 21/22 Timo Horn
100%
Hoffenheim 12/13 I Tim Wiese
100%
Gladbach 24/25 III Tobias Sippel
100%
Gladbach 22/23 II Tobias Sippel
100%
Gladbach 21/22 Tobias Sippel
100%
Gladbach 20/21 Tobias Sippel
100%
Gladbach 17/18 Tobias Sippel
100%
Gladbach 15/16 Tobias Sippel
100%
Kaiserslautern 11/12 Tobias Sippel
100%
München 17/18 II Tom Starke
100%
München 16/17 II Tom Starke
100%
München 13/14 I Tom Starke
100%
München 12/13 Tom Starke
100%
Gladbach 22/23 I Yann Sommer
100%
Dortmund 24/25 Alexander Meyer
50%
Dortmund 23/24 Alexander Meyer
50%
Dortmund 22/23 Alexander Meyer
50%
Nürnberg 11/12 II Alexander Stephan
50%
Nürnberg 10/11 Alexander Stephan
50%
Frankfurt 12/13 II Aykut Özer
50%
St. Pauli 10/11 I Benedikt Pliquett
50%
München 21/22 II Christian Früchtl
50%
Hamburg 16/17 I Christian Mathenia
50%
Gladbach 12/13 Christofer Heimeroth
50%
Gladbach 10/11 II Christofer Heimeroth
50%
Freiburg 11/12 Daniel Batz
50%
Mainz 23/24 Daniel Batz
50%
Darmstadt 16/17 Daniel Heuer Fernandes
50%
München 24/25 III Daniel Peretz
50%
München 23/24 II Daniel Peretz
50%
Wolfsburg 16/17 Diego Benaglio
50%
Leipzig 16/17 Fabio Coltorti
50%
Mainz 22/23 Finn Dahmen
50%
Mainz 21/22 Finn Dahmen
50%
Mainz 20/21 Finn Dahmen
50%
Frankfurt 19/20 I Frederik Rönnow
50%
Frankfurt 18/19 Frederik Rönnow
50%
Schalke 20/21 I Frederik Rönnow
50%
Union Berlin 21/22 Frederik Rönnow
50%
Leverkusen 25/26 Janis Blaswich
50%
Frankfurt 23/24 Jens Grahl
50%
Frankfurt 21/22 II Jens Grahl
50%
Hoffenheim 15/16 Jens Grahl
50%
Hoffenheim 13/14 I Jens Grahl
50%
Bremen 25/26 Karl Hein
50%
Leverkusen 21/22 II Lennart Grill
50%
Leverkusen 20/21 I Lennart Grill
50%
Union Berlin 22/23 Lennart Grill
50%
Mainz 12/13 II Loris Karius
50%
Union Berlin 20/21 Loris Karius
50%
Leipzig 24/25 Maarten Vandevoordt
50%
Gladbach 10/11 I Marc-Andre ter Stegen
50%
Hertha Berlin 21/22 Marcel Lotka
50%
Hertha Berlin 13/14 II Marius Gersbeck
50%
Schalke 19/20 Markus Schubert
50%
St. Pauli 10/11 II Mathias Hain
50%
Wolfsburg 14/15 Max Grün
50%
Wolfsburg 13/14 Max Grün
50%
Bochum 21/22 Michael Esser
50%
Hannover 17/18 Michael Esser
50%
Augsburg 13/14 II Mohamed Amsif
50%
Augsburg 11/12 Mohamed Amsif
50%
Union Berlin 19/20 Moritz Nicolas
50%
Augsburg 24/25 Nediljko Labrovic
50%
Leverkusen 20/21 II Niklas Lomb
50%
Frankfurt 12/13 I Oka Nikolov
50%
Leipzig 23/24 Peter Gulacsi
50%
Leipzig 22/23 I Peter Gulacsi
50%
Hoffenheim 21/22 Philipp Pentke
50%
Hoffenheim 20/21 Philipp Pentke
50%
Hoffenheim 19/20 Philipp Pentke
50%
Freiburg 17/18 Rafal Gikiewicz
50%
Leverkusen 18/19 Ramazan Özcan
50%
Leverkusen 17/18 Ramazan Özcan
50%
Hamburg 14/15 Rene Adler
50%
Bremen 14/15 II Richard Strebinger
50%
Dortmund 21/22 I Roman Bürki
50%
Hannover 10/11 Ron Robert Zieler
50%
Köln 20/21 Ron-Robert Zieler
50%
Hertha Berlin 20/21 Rune Jarstein
50%
Hertha Berlin 14/15 I Rune Jarstein
50%
Hertha Berlin 13/14 I Rune Jarstein
50%
Hertha Berlin 14/15 II Sascha Burchert
50%
Hertha Berlin 11/12 Sascha Burchert
50%
Bremen 13/14 Sebastian Mielitz
50%
Bremen 11/12 Sebastian Mielitz
50%
Bremen 10/11 Sebastian Mielitz
50%
Köln 16/17 I Thomas Kessler
50%
Köln 15/16 Thomas Kessler
50%
Köln 14/15 Thomas Kessler
50%
Frankfurt 14/15 II Timo Hildebrand
50%
Schalke 13/14 Timo Hildebrand
50%
Schalke 11/12 II Timo Hildebrand
50%
Schalke 14/15 I Timon Wellenreuther
50%
Hertha Berlin 22/23 Tjark Ernst
50%
Augsburg 23/24 Tomas Koubek
50%
Augsburg 22/23 Tomas Koubek
50%
Darmstadt 23/24 Alexander Brunst
0%
Augsburg 15/16 Alexander Manninger
0%
Augsburg 14/15 Alexander Manninger
0%
Augsburg 13/14 I Alexander Manninger
0%
Augsburg 12/13 I Alexander Manninger
0%
Hoffenheim 13/14 II Alexander Stolz
0%
Hamburg 15/16 III Andreas Hirzel
0%
Fürth 21/22 I Andreas Linde
0%
Wolfsburg 10/11 II Andre Lenz
0%
Leverkusen 22/23 Andrey Lunev
0%
Leverkusen 21/22 I Andrey Lunev
0%
Freiburg 21/22 Benjamin Uphoff
0%
St. Pauli 24/25 Ben Voll
0%
Hoffenheim 11/12 Daniel Haas
0%
Hoffenheim 10/11 Daniel Haas
0%
Leverkusen 15/16 II Dario Kresic
0%
Leverkusen 15/16 I David Yelldell
0%
Hertha Berlin 19/20 II Dennis Smarsch
0%
Frankfurt 22/23 Diant Ramaj
0%
Frankfurt 21/22 I Diant Ramaj
0%
Frankfurt 20/21 Elias Bördner
0%
Nürnberg 18/19 Fabian Bredlow
0%
Stuttgart 23/24 Fabian Bredlow
0%
Stuttgart 22/23 Fabian Bredlow
0%
Stuttgart 21/22 Fabian Bredlow
0%
Stuttgart 20/21 Fabian Bredlow
0%
Augsburg 18/19 II Fabian Giefer
0%
Leverkusen 11/12 Fabian Giefer
0%
Leverkusen 10/11 Fabian Giefer
0%
Schalke 14/15 II Fabian Giefer
0%
Köln 10/11 II Faryd Mondragon
0%
Heidenheim 24/25 Frank Feller
0%
Frankfurt 16/17 Heinz Lindner
0%
Hoffenheim 12/13 II Heurelho Gomes
0%
Mainz 16/17 Jannik Huth
0%
Paderborn 19/20 Jannik Huth
0%
Gladbach 22/23 III Jan Olschowsky
0%
Leipzig 21/22 I Josep Martinez
0%
Leipzig 20/21 Josep Martinez
0%
Hamburg 17/18 Julian Pollersbeck
0%
Mainz 25/26 II Lasse Rieß
0%
Mainz 24/25 Lasse Rieß
0%
Hoffenheim 24/25 Luca Philipp
0%
Bremen 18/19 II Luca Plogmann
0%
München 13/14 II Lukas Raeder
0%
Darmstadt 15/16 Lukasz Zaluska
0%
Fürth 21/22 II Marius Funk
0%
Braunschweig 13/14 Marjan Petkovic
0%
Mainz 10/11 II Martin Pieckenhagen
0%
Leverkusen 24/25 Matej Kovar
0%
Leverkusen 23/24 Matej Kovar
0%
Schalke 11/12 III Mathias Schober
0%
Köln 11/12 Miro Varvodic
0%
Köln 10/11 I Miro Varvodic
0%
Freiburg 19/20 II Niclas Thiede
0%
Stuttgart 15/16 I Odysseas Vlachodimos
0%
Ingolstadt 16/17 Ørjan Nyland
0%
Ingolstadt 15/16 Ørjan Nyland
0%
Leipzig 22/23 II Ørjan Nyland
0%
Nürnberg 13/14 Patrick Rakovsky
0%
Nürnberg 12/13 Patrick Rakovsky
0%
Nürnberg 11/12 I Patrick Rakovsky
0%
Hannover 18/19 I Philipp Tschauner
0%
Leipzig 21/22 II Philipp Tschauner
0%
Wolfsburg 23/24 Ravao Pervan
0%
Wolfsburg 21/22 Ravao Pervan
0%
Wolfsburg 20/21 Ravao Pervan
0%
Wolfsburg 19/20 Ravao Pervan
0%
Wolfsburg 18/19 Ravao Pervan
0%
Düsseldorf 12/13 Robert Almer
0%
Hannover 18/19 II Samuel Sahin-Radlinger
0%
Freiburg 10/11 Simon Pouplin
0%
Bielefeld 21/22 Stefanos Kapino
0%
Bremen 19/20 Stefanos Kapino
0%
Bremen 18/19 I Stefanos Kapino
0%
Mainz 14/15 Stefanos Kapino
0%
Hamburg 11/12 Sven Neuhaus
0%
Kiel 24/25 Thomas Dähne
0%
Stuttgart 14/15 Thorsten Kirschbaum
0%
Stuttgart 13/14 Thorsten Kirschbaum
0%
Gladbach 24/25 II Tiago Pereira Cardoso
0%
Hamburg 16/17 II Tom Mickel
0%
Hamburg 15/16 II Tom Mickel
0%
Leipzig 19/20 Yvon Mvogo
0%
Leipzig 18/19 Yvon Mvogo
0%
Leipzig 17/18 Yvon Mvogo
0%
Keine übereinstimmenden Quizze gefunden
Verteilung der Resultate
Anzahl Personen mit jedem Resultat
Perzentil nach korrekt beantworteten Fragen
Ihre Resultats-Entwicklung
Sie haben dieses Quiz seit der letzten Aktualisierung nicht gespielt